000 00677cam a22002292 4500
999 _c17215
_d17215
001 0000024350
003 OSt
005 20180924154645.0
008 130906s xx 000 0 eng d
020 _a0071315838 :
040 _aKABU
_cKABU
050 _aQH431
_b.L49 2012 c. 1
100 1 _aLewis, Ricki.
245 1 0 _aHuman genetics :
_bconcepts and applications
_cRicki Lewis.
250 _a10th ed.
260 _aNew York :
_bMcGraw-Hill
_c2012.
300 _a1 vol. (various pagings)
650 0 _aHuman genetics.
908 _a130906
942 _2lcc
_cBK
_hQH431
_i.L49 2012 c. 1